000 01269nam0a22002531 4500
001 rc\762281
005 20260407043236.0
035 _a(NLR Aleph) 006324865
090 _a7484937
_c7484937
100 _a20040301d1985 |||y0rusy50 ca
101 0 _arus
102 _aRU
105 _ay |||||||||
200 1 _aНЕДОНОШЕННЫЕ дети: принципы выхаживания, лечения и диспансерного наблюдения
_eМетод. разраб. практ. занятий для студентов [V и VI курсов]
_fМ-во здравоохранения СССР. Респ. учеб.-метод. каб. УзССР, Среднеазиат. мед. педиатр. ин-т
_g[Сост. д. м. н. М.С. Абдуллаходжаемым и др.]
210 _aТашкент
_cБ. и.
_d1985
215 _a[1], 22 с.
320 _aБиблиогр.: с. 3
702 1 _aАбдуллахождаев
_bМ.С.
_gМарат Саматович
_4220
712 0 2 _aСреднеазиатский медицинский педиатрический институт
_cТашкент
_3RU\NLR\AUTH\8810015651
_9529161
801 0 _aRU
_bNLR
_gpsbo
801 1 _aRU
_bELAR
_2rusmarc
852 _aNLR
_j87-4/4869
942 _cBOOK
980 _aNB